000 03171nam0a2200517 4500
001 RU\NLR\BIBL_A\012011679
005 20250809113055.0
020 _aRU
_9Ленинград в Великой Отечественной войне. Коллекция. Афиши
035 _a(NLR Aleph) 012011679
090 _a24569
_c24569
100 _a20190516d1943 u y0rusy50 ca
101 0 _arus
102 _aRU
105 _ay z 000zy
135 _acrcn 024anaba
200 1 _aСмотрите и слушайте новый звуковой художественный кинофильм "Антоша Рыбкин"
_eрежиссер - Константин Юдин. В главных ролях: В. Чирков, М. Ладынина, К. Сорокин [и др.]
_eпроизводство Центральной Объединенной Кино-студии художественных фильмов - Алма-Ата. Выпуск Ленинградской Конторы "Главкинопрокат"
_e[афиша]
210 _a[Ленинград]
_cЛТ УН-10
_d[1943]
215 _a1 л.
_d28х37
325 _aКопия доступна в Электрон. б-ке РНБ
517 1 _aАнтоша Рыбкин
606 1 _aТеатральная жизнь
_yЛенинград, город
_z1941 - 1944
_jАфиши
_2nlr_sh2
_3RU\NLR\AUTH\6601649837
686 _aЩ333(2Р=Рус)7- 692Ленинград
702 1 _aЮдин
_bК. К.
_cкинорежиссёр, сценарист
_f1896-1957
_gКонстантин Константинович
_3RU\NLR\AUTH\770206397
_4300
702 1 _aЧирков
_bБ. П.
_cактёр
_f1901-1982
_gБорис Петрович
_3RU\NLR\AUTH\770206400
_4005
702 1 _aЛадынина
_bМ. А.
_f1908-2003
_gМарина Алексеевна
_3RU\NLR\AUTH\770146117
_4005
702 1 _aСорокин
_bК. Н.
_cактёр
_f1908-1981
_gКонстантин Николаевич
_3RU\NLR\AUTH\770206356
_4005
711 0 2 _aАлма-Атинская киностудия художественных фильмов
_3RU\NLR\AUTH\880500924
711 0 2 _aЛенинградская городская контора кинопроката
_3RU\NLR\AUTH\880358120
852 _aNLR
_jЛ3-330а/к/ф/1/[1943]-2
856 0 _uhttp://vivaldi.nlr.ru/ll000010864/view
856 1 _uhttp://vivaldi.nlr.ru/ll000010864/cover
856 2 _uhttp://vivaldi.nlr.ru/ll000010864/text
942 _cVISUAL
945 _aРоссийская национальная библиотека
980 _aNB
980 _aBV
980 3 _akplen
980 3 _akp
981 3 7 _a(37) Ленинград в Великой Отечественной войне
_b(37) Афиши блокадного Ленинграда